000 00447nam a2200169Ia 4500
008 230711s9999||||xx |||||||||||||| ||und||
020 _a978-81-219-2884-7
041 _aENG
082 _a543.5
_bSH-O
100 _aSharma, Y. R
245 0 _aElementary Organic Spectroscopy
_bPrinciple and Chemical Application
250 _a5th Ed.
260 _c2018
_aNew Delhi
_bS.Chand & Company Ltd
300 _a369p.
650 _aChemistry
942 _cBK
999 _c6904
_d6904